Egészségtudatosság az élelmiszerfogyasztásban egy primer kutatás eredményei alapján

Bibliographic Details
Main Author: Siklódy Zsófia
Other Authors: Brávácz Dr. Ibolya
Format: Thesis
Kulcsszavak:Fogyasztói magatartás
Egészségtudatosság
Egészséges táplálkozás
Élelmiszerfogyasztói szokások
Élelmiszerfogyasztásra ható tényezők
Online Access:http://dolgozattar.uni-bge.hu/4340

MARC

LEADER 00000nta a2200000 i 4500
001 dolg4340
005 20160727151547.0
008 151209suuuu hu om 000 hun d
040 |a BGE Dolgozattár Repozitórium  |b hun 
041 |a hu 
100 1 |a Siklódy Zsófia 
245 1 0 |a Egészségtudatosság az élelmiszerfogyasztásban egy primer kutatás eredményei alapján  |c Siklódy Zsófia  |h [elektronikus dokumentum] 
695 |a Fogyasztói magatartás  
695 |a Egészségtudatosság 
695 |a Egészséges táplálkozás 
695 |a Élelmiszerfogyasztói szokások 
695 |a Élelmiszerfogyasztásra ható tényezők 
700 1 |a Brávácz Dr. Ibolya  |e ths 
856 4 0 |u http://dolgozattar.uni-bge.hu/4340/1/Siklody.pdf  |z Dokumentum-elérés